000 00734nac a22002051u 4500
010 _a 93017657
020 _a0070575657 (alk. paper) :
082 0 0 _a658.872
_bSIM
090 _c7305
_d7305
100 _aSimon, Julian Lincoln,
245 1 0 _aHow to start and operate a mail-order business /
_cJulian L. Simon ; with contributions by Paul Bringe ... [et al.].
250 _a5th ed.
260 _aNew York :
_bMcGraw-Hill,1993
_cc1993.
300 _axxii, 538 p. :
_bill. ;
_c24 cm.
500 _adistributerr: Al-Ahram
504 _aIncludes bibliographical references (p. 507-525) and index.
511 _acatalogued by: wessam
650 0 _aMail-order business.
942 _cBB
_k658.872SIM
999 _c7305
_d7305